| 000 | 00668nam a22002177a 4500 | ||
|---|---|---|---|
| 003 | OSt | ||
| 005 | 20140310181916.0 | ||
| 008 | 130716t xxu||||| |||| 00| 0 eng d | ||
| 050 |
_aLB 1537 _b.G297 1986 |
||
| 082 |
_aTR 372.21 _bG27 1986 |
||
| 100 |
_aGee, Robyn _91028 |
||
| 245 |
_aEntertaining and educating young children. / _cRobyn Gee. |
||
| 260 |
_aLondon, England : _b Usborne Publishing Inc, _cc1986. |
||
| 300 |
_a48 p. ; _c24 cm. |
||
| 521 | _aFaculty | ||
| 541 | _j1 | ||
| 562 | _e1 | ||
| 650 | _2 Creative activities and seat work. | ||
| 650 | _2Early childhood education--Activity programs--United States. | ||
| 942 |
_2lcc _cBK-TR _kTR |
||
| 999 |
_c6779 _d6779 |
||